Villarreal Champions League XIs - Statistics

General Stats
  • This quiz has been taken 219 times
  • The average score is 12 of 39
Answer Stats
Answer % Correct
Gerard Moreno
79%
Daniel Parejo
78%
Raúl Albiol
66%
Gerónimo Rulli
60%
Pau Torres
59%
Francis Coquelin
57%
Juan Román Riquelme
55%
Marcos Senna
53%
Diego Forlán
52%
Juan Foyth
49%
Diego López
46%
Étienne Capoue
46%
Santi Cazorla
44%
Giuseppe Rossi
39%
Joan Capdevila
39%
Arnaut Danjuma
35%
Pervis Estupiñán
35%
Diego Godin
32%
Gonzalo Rodríguez
29%
Nilmar
25%
Robert Pirès
25%
Bruno Soriano
24%
Carlos Marchena
23%
Giovani Lo Celso
22%
José Mari
22%
Juan Pablo Sorín
21%
Rodolfo Arruabarrena
19%
Hernán Perez
17%
Mateo Musacchio
16%
Sebastián Viera
16%
Juan Manuel Peña
13%
Ariel Ibagaza
9%
Josico
7%
Alessio Tacchinardi
6%
Ángel
5%
Jonathan De Guzman
5%
Sebastián Eguren
5%
Cristián Zapata
4%
José Catalá
3%
No matching quizzes found
Score Distribution
Percent of People with Each Score
Percentile by Number Answered
Your Score History
You have not taken this quiz